书目信息 |
| 题名: |
中国土壤系统分类
|
|
| 作者: | 龚子同 著 | |
| 分册: | ||
| 出版信息: | 北京 科学出版社 1999.03 |
|
| 页数: | 903页 | |
| 开本: | 26cm | |
| 丛书名: | ||
| 单 册: | ||
| 中图分类: | S , S155.92 | |
| 科图分类: | ||
| 主题词: | 土壤学 | |
| 电子资源: | ||
| ISBN: | 7-03-006717-7 | |
| 000 | 00654nam0 2200217 45 | |
| 001 | 0359140867 | |
| 005 | 2003010716254086 | |
| 010 | @a7-03-006717-7@dRMB 130.00 | |
| 100 | @a20030107d1999 km y0chiy0120 ea | |
| 101 | 0 | @achi |
| 102 | @aCN@b110000 | |
| 200 | 1 | @a中国土壤系统分类@Azhong guo tu rang xi tong fen lei@e理论·方法·实践@f龚子同等著@FGong Zi Tong Deng Zhu |
| 210 | @a北京@c科学出版社@d1999.03 | |
| 215 | @a903页@d26cm | |
| 517 | @a理论·方法·实践@ALi Lun·Fang Fa·Shi Jian | |
| 606 | 0 | @a土壤学 |
| 690 | @aS@v3 | |
| 690 | @aS155.92@v4 | |
| 701 | 0 | @a龚子同@AGong Zi Tong@4著 |
| 801 | 0 | @aCN@bPFT@c20030107 |
| 905 | @a10447@dS155.92@eG396 | |
| 中国土壤系统分类:理论·方法·实践/龚子同等著.-北京:科学出版社,1999.03 |
| 903页;26cm |
| ISBN 7-03-006717-7:RMB 130.00 |
| ● |
| 相关链接 |
|
|
|
正题名:中国土壤系统分类
索取号:S155.92/G396
 
预约/预借
| 序号 | 登录号 | 条形码 | 馆藏地/架位号 | 状态 | 备注 |
| 1 | 368671 | 203686715 | 自科库401/401自科库 66排6列3层/ [索取号:S155.92/G396] | 在馆 |